000 00361nam a2200157Ia 4500
100 _aPunmia/ B.C.
490 _vI
942 _cBK
654 _aStrength Materials
245 _aStrength Of Materials & Mechanics Of Structures
260 _bStandard Publication
_aDelhi
_c1972
082 _a624.1
_bPum
300 _a671
546 _aENGLISH
999 _c19053
_d19053